000 00563nam a2200217Ia 4500
005 20241129120323.0
008 241129s9999||||xx |||||||||||||| ||und||
020 _a9788171196944
037 _aTB
040 _aSDCL
_beng
_cSDCL
041 _ahin
_2hin
084 _aO152,3N46 Q8
_qSDCL
100 _aPandey Mrinal
_9393251
245 0 _aHamka Diyo Pardes
260 _aDelhi
_bRadhakrishna Prakashan India
_c2018
300 _a118p
365 _aINR
_b295
650 _aHindi
942 _cTB
_hO152,3N46 Q8
999 _c1234327
_d1234327